The alternative health guide / (Record no. 1469)

000 -LEADER
fixed length control field 00958nam a22003252 4500
003 - CONTROL NUMBER IDENTIFIER
control field UkOxU
005 - DATE AND TIME OF LATEST TRANSACTION
control field 20210628084148.0
008 - FIXED-LENGTH DATA ELEMENTS--GENERAL INFORMATION
fixed length control field 830801s1983 enka 001 0 eng d
020 ## - INTERNATIONAL STANDARD BOOK NUMBER
International Standard Book Number 0718121856 (cased)
020 ## - INTERNATIONAL STANDARD BOOK NUMBER
International Standard Book Number 0718124251 (pbk)
040 ## - CATALOGING SOURCE
Transcribing agency UKM
043 ## - GEOGRAPHIC AREA CODE
Geographic area code e-uk---
050 1# - LIBRARY OF CONGRESS CALL NUMBER
Classification number R733
Item number .I46 1983
100 1# - MAIN ENTRY--PERSONAL NAME
Personal name Inglis, Brian,
Dates associated with a name 1916-1993.
245 14 - TITLE STATEMENT
Title The alternative health guide /
Statement of responsibility, etc. Brian Inglis & Ruth West.
260 ## - PUBLICATION, DISTRIBUTION, ETC.
Place of publication, distribution, etc. London :
Name of publisher, distributor, etc. Joseph,
Date of publication, distribution, etc. 1983.
300 ## - PHYSICAL DESCRIPTION
Extent 352 p. :
Other physical details ill. (some col.) ;
Dimensions 25 cm.
500 ## - GENERAL NOTE
General note Includes index.
504 ## - BIBLIOGRAPHY, ETC. NOTE
Bibliography, etc. note Bibliography: p. 345-346.
650 #0 - SUBJECT ADDED ENTRY--TOPICAL TERM
Topical term or geographic name entry element Alternative medicine
Geographic subdivision Great Britain.
700 1# - ADDED ENTRY--PERSONAL NAME
Personal name West, Ruth,
Dates associated with a name 1948-
942 ## - ADDED ENTRY ELEMENTS (KOHA)
Source of classification or shelving scheme
Koha item type Book
Suppress in OPAC DO
Holdings
Withdrawn status Lost status Source of classification or shelving scheme Damaged status Not for loan Permanent Location Current Location Shelving location Date acquired Total Checkouts Full call number Barcode Date last seen Price effective from Koha item type Public note
          AU LIBRARY AU LIBRARY Open Shelf 28.06.2021   R733 .I46 1983 28002100 28.06.2021 28.06.2021 Book DO

Powered by Koha